000 00767nam a2200241Ia 4500
003 GCL
008 140319s9999 xx 000 0 ara d
040 _aGCL /
_cGCL
082 0 4 _a370.1
_bس ا
100 1 _aسبنسر جونسون
245 1 0 _aاب الدقيقة الواحدة: احدث اساليب تربية الابناء واسرعها تاثير /
_cسبنسر جونسون
700 1 _aسلوى يوسف المؤيد (تعريب)
260 _a[S.N] :
_b2000 للثقافة والنشر ،
_c1988
300 _a102 ص
490 _a
650 0 4 _aالاسرة
650 0 4 _aالتربية
650 0 4 _aالاطفال
650 0 4 _aالعلاقات الاسرية
650 0 4 _aالامهات
650 0 4 _aالاباء
942 _2ddc
_cBK
999 _c55769
_d55769